Medical terminology: (Record no. 826)

MARC details
000 -LEADER
fixed length control field 00601nam a22002177a 4500
003 - CONTROL NUMBER IDENTIFIER
control field OSt
005 - DATE AND TIME OF LATEST TRANSACTION
control field 20141216142922.0
008 - FIXED-LENGTH DATA ELEMENTS--GENERAL INFORMATION
fixed length control field 141216b xxu||||| |||| 00| 0 eng d
020 ## - INTERNATIONAL STANDARD BOOK NUMBER
International Standard Book Number 0827345631
040 ## - CATALOGING SOURCE
Transcribing agency DNLM
082 ## - DEWEY DECIMAL CLASSIFICATION NUMBER
Classification number W 18 S649m 1991
100 ## - MAIN ENTRY--PERSONAL NAME
Personal name Smith Genevieve Love
9 (RLIN) 2238
245 ## - TITLE STATEMENT
Title Medical terminology:
Remainder of title A programmedd Text
Medium Revised by Jean Tannis Dennerll
250 ## - EDITION STATEMENT
Edition statement 6th ed.
300 ## - PHYSICAL DESCRIPTION
Extent xiv, 400 p :
Other physical details col.ill ;
Dimensions 27 cm.
504 ## - BIBLIOGRAPHY, ETC. NOTE
Bibliography, etc Includes Index
650 ## - SUBJECT ADDED ENTRY--TOPICAL TERM
Topical term or geographic name as entry element Medicine
9 (RLIN) 324
700 ## - ADDED ENTRY--PERSONAL NAME
Personal name Davis Phyllis
9 (RLIN) 2239
700 ## - ADDED ENTRY--PERSONAL NAME
Personal name Dennerll jean Tannis
9 (RLIN) 2240
942 ## - ADDED ENTRY ELEMENTS (KOHA)
Source of classification or shelving scheme Other/Generic Classification Scheme
Koha item type Short Loan
Holdings
Withdrawn status Lost status Source of classification or shelving scheme Damaged status Not for loan Home library Current library Date acquired Source of acquisition Inventory number Total Checkouts Full call number Barcode Date last seen Price effective from Koha item type
    Other/Generic Classification Scheme     MUST Main Library MUST Main Library 16/12/2014   9940   W 18 S649m 1991 2014-3455 16/12/2014 16/12/2014 Short Loan